Výroba a rozvod elektrické energie 1
Gespeichert in:
| Hauptverfasser: | , , |
|---|---|
| Format: | Buch |
| Sprache: | Tschechisch |
| Veröffentlicht: |
Praha :
SNTL,
1971
|
| Ausgabe: | 1. vyd. |
| Schlagworte: | |
| Tags: |
Keine Tags, Fügen Sie das erste Tag hinzu!
|
MARC
| LEADER | 00000nam a22000003a 4500 | ||
|---|---|---|---|
| 001 | stu52899 | ||
| 005 | 20150617225703.0 | ||
| 008 | 000330s1971----cs------------------cze-d | ||
| 040 | |a STU |b slo | ||
| 041 | 0 | |a cze | |
| 044 | |a cs | ||
| 080 | |a 621.311.2 |7 stu_us_auth*stu6977 | ||
| 080 | |a 621.039 | ||
| 100 | 1 | |a Matěna, Štěpán |4 aut | |
| 245 | 1 | |a Výroba a rozvod elektrické energie 1 | |
| 250 | |a 1. vyd. | ||
| 260 | |a Praha : |b SNTL, |c 1971 | ||
| 300 | |a 538 s | ||
| 650 | 7 | |a elektrická energia |2 stusub | |
| 650 | 7 | |a výstavba elektrární |2 stusub | |
| 700 | 1 | |a Brauner, Jiří |4 aut | |
| 700 | 1 | |a Tůma, Milan |4 aut | |
| 996 | |b 284J016005 |c J*27886 |l JJSK |s A |a 24 |w stu52899_0001 | ||
| 996 | |b 284J016006 |c J*27887 |l JJSK |s A |a 24 |w stu52899_0002 | ||
| 996 | |b 284J016007 |c J*27888 |l JJSK |s A |a 24 |w stu52899_0003 | ||
| 996 | |b 284J016008 |c J*27889 |l JJSK |s A |a 24 |w stu52899_0004 | ||